00457nam a2200145Ia 4500003000400000008004100004020002300045040000800068041000700076082002400083100005500107245009100162260005000253300000800303LDD190117s9999 xx 000 0 und d a8170554087c₹395 cLDD ahi a8h3.7 शा7392ह aशास्त्री, शशिप्रभा 0aहर दिन इतिहासcशशिप्रभा शास्त्री aनई दिल्लीbवाणीc1995 a158